| 000 | 00487nam a2200157Ia 4500 | ||
|---|---|---|---|
| 005 | 20240408061322.0 | ||
| 008 | 240331s9999 xx 000 0 und d | ||
| 082 |
_bSAI _a331 |
||
| 100 | _aSainz, J.P.Perez | ||
| 245 | 0 |
_aPeripheral accumulation, labor power absorption and relative surplus-population : _bsome basic remarks _cJ.P. Perez Sainz |
|
| 260 |
_aNetherlands : _bInstitute of Social Studies / _c1978 |
||
| 300 | _a30 p ., | ||
| 650 | _aSocial | ||
| 650 | _aPolitical | ||
| 942 | _cL | ||
| 999 |
_c2597 _d2597 |
||